000 00532nam a2200193Ia 4500
003 GCL
008 140319s9999 xx 000 0 eng d
020 _a0500510504
040 _aGCL /
_cGCL
082 0 4 _a001.94
_bF S
100 1 _aFAGAN, BRIAN M.
245 1 0 _aTHE SEVENTY GREAT MYSTERIES OF THE ANCIENT WORLD /
_cFAGAN, BRIAN M.
260 _aانجلترا :
_bTHAMES AND HUDSON ،
_c2001
300 _a32 CM ؛
_c304 P
650 0 4 _aTUTANCHAMON
650 0 4 _aCIVILIZATION HISTORY
650 0 4 _aMYSTRIES
942 _2ddc
_cBK
999 _c6620
_d6620